000 00594nam a22002537a 4500
003 UA-OsUOA
001 22342
007 ta
008 20031218b un ||||| |||| 00| 0 ukr d
100 _aСимонов П.В.
090 _a159.9.016
_bС37
942 _cBK
040 _aUA-OsUOA
_brus
_cUA-OsUOA
_dUA-OsUOA
245 _aПроисхождение духовности
300 _a352 с.
955 _a0
041 _arus
080 _a159.9.016
020 _a5-02-005876-9
260 _aМосква
_bНаука
_c1989
044 _aRU
650 7 _2UDC
999 _c308560
_d308560